0401-仙台市交通局の駅 - Statistics

General Stats
  • This quiz has been taken 232 times
  • The average score is 22 of 30
Answer Stats
本線 % Correct
仙台
99%
仙台
99%
泉中央
94%
八木山動物公園
91%
長町
91%
荒井
89%
北仙台
88%
富沢
88%
勾当台公園
80%
国際センター
77%
長町南
77%
青葉山
75%
八乙女
75%
六丁の目
73%
川内
72%
広瀬通
72%
青葉通一番町
71%
五橋
69%
宮城野通
67%
連坊
67%
北四番丁
66%
黒松
63%
旭ヶ丘
63%
台原
62%
長町一丁目
62%
大町西公園
59%
愛宕橋
59%
河原町
57%
薬師堂
56%
卸町
56%
No matching quizzes found
Score Distribution
Percent of People with Each Score
Percentile by Number Answered
Your Score History
You have not taken this quiz